000 00683nam a2200265Ia 4500
005 20260121165049.0
008 008 260114s9999 xx 000 0 eng d
020 _a9781137553423
037 _aEBOOK
040 _aCRL
040 _beng
040 _cCRL
041 _2eng
041 _aeng
084 _qCRL
100 _aSyed Aun R. Rizvi, Obiyathulla I. Bacha, Abbas Mirakhor
_91047073
245 0 _aPublic Finance and Islamic Capital Markets
260 _bSpringer
260 _bSpringer
260 _c2016
856 _uhttps://link.springer.com/openurl?genre=book&isbn=978-1-137-55342-3
942 _cEBOOK
999 _c1612798
_d1612798